|
|
|
|
| LEADER |
00000cam a2200000 i 4500 |
| 001 |
1/22383 |
| 008 |
120807s1993 gre d |
| 035 |
|
|
|l 10113047
|
| 040 |
|
|
|a GR-MY-UA
|b gre
|e aacr
|
| 041 |
0 |
|
|a gre
|
| 082 |
0 |
|
|a 889.21
|2 (22)
|
| 100 |
1 |
|
|a Ορφανίδης, Νίκος,
|d 1949-
|
| 245 |
1 |
2 |
|a Ο άλλος χειμώνας :
|b ποιήματα /
|c Νίκος Ορφανίδης
|
| 260 |
|
|
|a Λευκωσία :
|b Ακτή,
|c 1993
|
| 300 |
|
|
|a 33 σ.;
|b εικ.;
|c 21 εκ.
|
| 500 |
|
|
|a Τα σχέδια που κοσμούν τη συλλογή είναι του Γιώργου Κούμουρου
|
| 650 |
0 |
0 |
|a Greek poetry
|z Cyprus.
|
| 852 |
|
|
|a INST
|b RHODES
|e 20120807
|h 889.21 ΟΡΦ
|p 005400034472
|q 005400034472
|t BK
|y 0
|
| 901 |
|
|
|a BIBL4-2012-2
|
| 909 |
|
|
|a Ρ
|b 171106
|
| 922 |
|
|
|a 4ΕΛΗ
|
| 970 |
|
|
|z 2012/08/07
|